Normal view
MARC view
- Health.
Entry Topical Term
001 - CONTROL NUMBER
- control field: 41958
003 - CONTROL NUMBER IDENTIFIER
- control field: OSt
005 - DATE AND TIME OF LATEST TRANSACTION
- control field: 20200305133406.0
008 - FIXED-LENGTH DATA ELEMENTS
- fixed length control field: 200305|| aca||aabn | a|a d
040 ## - CATALOGING SOURCE
- Original cataloging agency: OSt
- Transcribing agency: OSt
150 ## - HEADING--TOPICAL TERM
- Topical term or geographic name entry element: Health.
670 ## - SOURCE DATA FOUND
- Source citation: Work cat.: (OSt): PhilHealth welcomes new era of guaranteed access to quality care under Universal Health Care., ©2019.
